00303nam a2200121Ia 4500008004100000041000800041082001400049100001500063245004500078260003200123300001900155365000700174240624s9999 xx 000 0 und d aeng a158.2 BER aBERNE ERIC aGAMES PEOPLE PLAY THE PSYCHOLOGY OF HUMA c1964aLondonbPenguin Books a173 : cm. ; 20 cRS